| 000 | 00850nas a2200253 4500 | ||
|---|---|---|---|
| 001 | BR8600547 | ||
| 003 | BR-BrBNA | ||
| 005 | 20231205090331.0 | ||
| 007 | ta | ||
| 008 | 230509b bl.|||p| |||| 00| 00por d | ||
| 040 |
_aBR-BrBNA _bpor _cBiblioteca Nacional de Agricultura |
||
| 041 | _a(Pt) | ||
| 072 | _aP35 | ||
| 100 | 1 | _aTabosa, J.N. | |
| 100 | 1 | _aLira, M.A. | |
| 245 | 1 |
_aTeste de tolerancia a salinidade em algumas gramineas forrageiras tropicais _bParte de tese |
|
| 246 | 1 |
_a[Tolerance to salinity trial in tropical forage grasses] _bPart of thesis |
|
| 650 | _aGRAMINEA FORRAGEIRA | ||
| 650 | _aSALINIDADE | ||
| 650 | _aANALISE DO SOLO | ||
| 773 | 0 |
_tRevista da Sociedade Brasileira de Zootecnia (Brazil) _xISSN 0100-4859 _g(1985), v. 14(2) p. 205-215 _wBR8600547 |
|
| 909 |
_a202311 _bLúcia _c55 _dLúcia Elande |
||
| 942 |
_2AGRIS _n0 _cANA |
||
| 999 |
_c117684 _d117684 |
||